000 02230nam0a2200409 4500
001 RU\NLR\bibl\1047563
005 20260405231108.0
010 _a5-85971-495-5
_93000
021 _aRU
_b2006-86874
_94403
035 _a(nilc)EL/0000105965
035 _aRUM0023043
035 _a(NLR Aleph) 001034906
090 _a781991
_c781991
100 _a20070111d2007 |||y0rusy50 ca
101 0 _arus
102 _aRU
105 _aa j |||||
200 1 _aБухгалтерский учет
_eучебное пособие для студентов, обучающихся по специальности "Бухгалтерский учет, анализ и аудит"
_fС.П. Суворова, М.Е. Ханенко, О.А. Шапорова, О.М. Ковалева
210 _aМосква
_cКнорус
_d2007
215 _a339,[1] с.
_cил.
_d21
320 _aБиблиогр.: 339-340 (23 назв.)
606 1 _aБухгалтерский учет
_jУчебные издания для высших учебных заведений
_yРоссийская Федерация
_92073607
_3RU\NLR\auth\661248526
610 0 _aбухгалтерский учет
_aтеория
_aметоды
_aденежные средства
_aоплата труда
_aосновные средства
_aкапитальные вложения
_aзатраты
_aпроизводство
_aпродукция
_aкапитал
_aанализ
_aмодели
_aучебные пособия
675 _a657.3(075)
_v4
686 _a06.81.85
_2rugasnti
686 _aУ052.9(2)2я73
701 1 _aСуворова
_bС. П.
_gСветлана Павловна
_4070
701 1 _aХаненко
_bМ. Е.
_gМария Евгеньевна
_4070
701 1 _aШапорова
_bО. А.
_gОльга Александровна
_4070
701 1 _4070
_7ca
_8rus
_aКовалева
_bА. М.
_cканд. экон. наук, бухгалтерский учет
_gАлла Михайловна
_987968
_3RU\NLR\auth\77105043
801 0 _aRU
_bЦНСХБ РАСХН
_c20070111
_gRCR
801 1 _aRU
_bЦНСХБ РАСХН
_c20070207
801 2 _aRU
_bNLR
_c20070217
_grcr
830 _aавт. по кн.
942 _cBOOK
980 _aNB